01112cam a2200289 i 45000010009000000050017000090080041000260100015000670200029000820200042001110400028001530820017001811000028001982450099002262500020003252600063003453000042004085000026004505040041004766500039005176530024005566550024005807000030006049420017006349990017006519520154006681761519420141117105518.0130205t2012 xxua frb 001 0 eng d a2012471303 a9781437717532 (hardback) a9780808924494 (International edition) aDLCbengcDLCdEG-ScBUE00a612222bBOR1 aBoron, Walter F.93655010aMedical physiology :ba cellular and molecular approach /cWalter F. Boron, Emile L. Boulpaep. aUpdated 2nd ed. aPhiladelphia, United States :bSaunders Elsevier,cc.2012. axii, 1337 p. :bill. (col.) ;c29 cm. aIndex : p. 1293-1337. aIncludes bibliographical references. 0aHuman physiologyvTextbooks936551 bPPhrmcNovember2014 vreading book9342321 aBoulpaep, Emile L.936552 2ddck612 BOR c18627d18599 00102ddc40708BaccahaMAINbMAINc1STd2014-11-17epurchaseg462.00h20677l2m10o612 BORp000037009r2025-07-15 00:00:00s2018-03-20v577.50yBB